Benenne alle Schach-Figuren - Statistiken

Allgemein
  • Dieses Quiz wurde 224 mal gespielt
  • Das Durchschnittsergebnis liegt bei 6 aus 6
Antwortstatistiken
Antwort % Korrekt
König
100%
Bauer
98%
Turm
97%
Dame
94%
Springer
94%
Läufer
90%
Keine übereinstimmenden Quizze gefunden
Verteilung der Resultate
Anzahl Personen mit jedem Resultat
Perzentil nach korrekt beantworteten Fragen
Ihre Resultats-Entwicklung
Sie haben dieses Quiz noch nicht gespielt